[Event "Rheinhausen-ch 19th"]
[Site "Duisburg Rheinhausen"]
[Date "2015.02.05"]
[Round "3"]
[White "Op de Hipt, Guido"]
[Black "Kaypak, Oguzhan"]
[Result "0-1"]
[WhiteElo "1144"]
[BlackElo "1339"]
[PlyCount "97"]
[EventDate "2015.01.09"]
[EventType "swiss"]
[EventRounds "7"]
[EventCountry "GER"]
[SourceTitle "EXT 2018"]
[Source "ChessBase"]
[SourceDate "2017.10.13"]
[SourceVersion "1"]
[SourceVersionDate "2017.10.13"]
[SourceQuality "1"]

1. e4 e6 2. d4 d5 3. e5 c5 4. Nf3 Nc6 5. Bb5 Bd7 6. Bxc6 Bxc6 7. 0-0 Qb6 8. c3 Nh6 9. Nbd2 cxd4 10. Nxd4 Rc8 11. Qh5 Bb5 12. Nxb5 Qxb5 13. Nf3 Qd3 14. Bxh6 gxh6 15. Nd4 Qg6 16. Qxg6 hxg6 17. f4 Bc5 18. Rac1 Ke7 19. g3 Rc7 20. Rcd1 Rhc8 21. Kg2 Bxd4 22. Rxd4 Rc4 23. Rf2 Rxd4 24. cxd4 Rc4 25. Rd2 g5 26. fxg5 hxg5 27. g4 b5 28. Kf2 Kd7 29. Ke3 Rc1 30. Rf2 Ke7 31. a3 Re1+ 32. Re2 Rxe2+ 33. Kxe2 a5 34. b4 axb4 35. axb4 f6 36. exf6+ Kxf6 37. Ke3 e5 38. h3 Ke6 39. Kd3 exd4 40. Kxd4 Kd6 41. Kd3 Ke5 42. Ke3 d4+ 43. Kd3 Kd5 44. h4 gxh4 45. g5 Ke5 46. g6 Kf6 47. Kxd4 h3 48. Ke3 h2 49. Kf2 0-1

[Event "Rheinhausen-ch 19th"]
[Site "Duisburg Rheinhausen"]
[Date "2015.01.09"]
[Round "1"]
[White "Christen, Stefan"]
[Black "Kaypak, Oguzhan"]
[Result "1-0"]
[WhiteElo "1731"]
[BlackElo "1339"]
[PlyCount "89"]
[EventDate "2015.01.09"]
[EventType "swiss"]
[EventRounds "7"]
[EventCountry "GER"]
[SourceTitle "EXT 2018"]
[Source "ChessBase"]
[SourceDate "2017.10.13"]
[SourceVersion "1"]
[SourceVersionDate "2017.10.13"]
[SourceQuality "1"]

1. Nf3 Nf6 2. b3 d5 3. e3 c5 4. Bb2 e6 5. c4 Nc6 6. cxd5 exd5 7. a3 Be7 8. Qc2 d4 9. exd4 Nxd4 10. Nxd4 cxd4 11. Bb5+ Bd7 12. Qf5 Qb6 13. Bxd7+ Nxd7 14. 0-0 Nf6 15. Re1 Rd8 16. b4 Rd5 17. Qc8+ Rd8 18. Qc4 Rd7 19. d3 Qc6 20. Qxc6 bxc6 21. Nd2 a5 22. Ne4 0-0 23. Nc5 Bxc5 24. bxc5 Rb8 25. Ra2 Rb3 26. Rd1 Rd5 27. Ba1 Nd7 28. Rb2 Rxb2 29. Bxb2 Nxc5 30. Kf1 Na4 31. Rd2 Nxb2 32. Rxb2 Rb5 33. Rc2 c5 34. a4 Rb8 35. Rxc5 Kf8 36. Rxa5 Rb4 37. Ra7 Rb1+ 38. Ke2 Rb2+ 39. Kf3 Rd2 40. Rd7 Rxd3+ 41. Ke4 Rd2 42. a5 Rxf2 43. a6 Ke8 44. Rb7 Ra2 45. a7 1-0

[Event "Gelsenkirchen Silvester op 2nd"]
[Site "Gelsenkirchen"]
[Date "2014.12.28"]
[Round "4"]
[White "Demond, Ricardo"]
[Black "Kaypak, Oguzhan"]
[Result "1-0"]
[WhiteElo "1739"]
[BlackElo "1153"]
[PlyCount "47"]
[EventDate "2014.12.27"]
[EventType "swiss"]
[EventRounds "5"]
[EventCountry "GER"]
[SourceTitle "EXT 2019"]
[Source "ChessBase"]
[SourceDate "2018.10.10"]
[SourceVersion "1"]
[SourceVersionDate "2018.10.10"]
[SourceQuality "1"]

1. e4 e6 2. d4 d5 3. exd5 exd5 4. Bd3 Bd6 5. Nf3 Bg4 6. 0-0 Ne7 7. Nc3 Nbc6 8. Be3 Qd7 9. a3 0-0 10. Nb5 a6 11. Nxd6 Qxd6 12. Bxh7+ Kh8 13. Bd3 Rae8 14. h3 Bh5 15. g4 Bg6 16. Nh4 Bxd3 17. Qxd3 Ng8 18. Kg2 Re4 19. c4 Rfe8 20. Nf5 Qd7 21. Ng3 R4e6 22. Qf5 Rd6 23. Qh5+ Nh6 24. g5 1-0